000 00621nam a2200229Ia 4500
003 OSt
005 20250808093113.0
008 210719s2016 xx 000 0 und d
020 _a9789351340089
040 _cAL
041 _aeng
082 _a650.0721 SRIB
100 _aSrivastava, T N
_9234633
245 _aBusiness research methodology
260 _aChennai
_bMcGraw Hill Education (India) Private Limited
_c2016
300 _axx,654p
_bPB
365 _b875
_cRs
650 _aBusiness
_9234634
650 _aResearch Methodology
_9234635
906 _aBusiness ; methodology ; research
942 _2ddc
_cBK
999 _c212096
_d212096